000 00918 a2200289 4500
001 62736
005 20260407155921.0
008 260407a1990 arg spa d
003 AR-UNSa-BCEJYS
040 _aAR-UNSa-BCEJYS
_bspa
_cAR-UNSa-BCEJYS
080 _a658.115
_xEmpresas públicas, estatales y nacionalizadas (Economía)
245 1 0 _aEconomía de las empresas públicas
_pFuncionamiento. Desregulación. Privatización
020 _a978-950-718-017-0
264 1 _aBuenos Aires :
_bInstituto Torcuato Di Tella
_c1990
300 _axvii, 315 p.
_c20 cm.
041 _aspa
942 _cBK
590 _aniveau_biblio:m niveau_hierar:0
100 1 _aPorto, Alberto
700 1 _aCanavese, Alfredo Juan
700 1 _aGerchunoff, Pablo
700 1 _aHeymann, Daniel
700 1 _aLlach, Juan José
700 1 _aNavajas, Fernando
700 1 _aPiffano, Horacio L. P.
700 1 _aVisintini, Alfredo
999 _c7778
_d7778